[Event "Mestre Sheraton op-A 1st"]
[Site "Mestre"]
[Date "2021.02.26"]
[Round "1"]
[White "Piangerelli, Michele"]
[Black "Di Chiara, Mauro"]
[Result "1-0"]
[WhiteElo "2068"]
[BlackElo "1898"]
[PlyCount "61"]
[EventDate "2021.02.26"]
[EventType "swiss"]
[EventRounds "5"]
[EventCountry "ITA"]
[SourceTitle "EXT 2022"]
[Source "ChessBase"]
[SourceDate "2021.10.06"]
[SourceVersion "1"]
[SourceVersionDate "2021.10.06"]
[SourceQuality "1"]

1. d4 Nf6 2. Bf4 g6 3. e3 Bg7 4. Be2 d6 5. h3 0-0 6. Nf3 c5 7. 0-0 Nbd7 8. c4 Ne4 9. Qc2 f5 10. Nbd2 Nxd2 11. Qxd2 Nf6 12. b4 Ne4 13. Qb2 Qb6 14. Rab1 a5 15. bxc5 Qxb2 16. Rxb2 dxc5 17. Bd3 Rd8 18. Bc7 Rd7 19. Be5 cxd4 20. Bxg7 Kxg7 21. exd4 Rd6 22. Re1 Kf6 23. Bxe4 fxe4 24. Rxe4 Bf5 25. Re5 b6 26. g4 Bd3 27. c5 bxc5 28. dxc5 Rc6 29. g5+ Kf7 30. Re3 Rxc5 31. Rxd3 1-0

[Event "Robecchetto op 32nd"]
[Site "Robecchetto"]
[Date "2019.12.29"]
[Round "6"]
[White "Pepino, Enrico"]
[Black "Di Chiara, Mauro"]
[Result "1/2-1/2"]
[WhiteElo "2071"]
[BlackElo "1873"]
[PlyCount "89"]
[EventDate "2019.12.26"]
[EventType "swiss"]
[EventRounds "6"]
[EventCountry "ITA"]
[SourceTitle "CBM 194 Extra"]
[Source "ChessBase"]
[SourceDate "2020.03.31"]
[SourceVersion "1"]
[SourceVersionDate "2020.03.31"]
[SourceQuality "1"]

1. Nf3 Nf6 2. g3 g6 3. Bg2 Bg7 4. 0-0 0-0 5. c4 Nc6 6. d4 d6 7. d5 Na5 8. Nbd2 c5 9. Qc2 a6 10. Rb1 b5 11. b3 Rb8 12. Bb2 e6 13. dxe6 Bxe6 14. Rfd1 bxc4 15. bxc4 Qc7 16. Ng5 Bf5 17. Nge4 Nxe4 18. Bxe4 Be6 19. Bxg7 Kxg7 20. Bf3 Bf5 21. Be4 Be6 22. Bd3 f5 23. e3 Nc6 24. Be2 Rxb1 25. Rxb1 Rb8 26. f4 Rxb1+ 27. Qxb1 Qb8 28. Qxb8 Nxb8 29. Kf2 Nd7 30. Ke1 Nb6 31. Kd1 Kf6 32. Kc2 h6 33. Kc3 g5 34. Bf3 d5 35. Be2 Ke7 36. fxg5 hxg5 37. h4 gxh4 38. gxh4 Kf6 39. a3 Ke5 40. cxd5 Nxd5+ 41. Kd3 Nb6 42. Kc3 Nd5+ 43. Kd3 Nb6 44. Kc3 Nd5+ 45. Kd3 1/2-1/2

[Event "Arco op 41st"]
[Site "Arco"]
[Date "2019.10.08"]
[Round "5"]
[White "Di Chiara, Mauro"]
[Black "Bellmann, Rambald"]
[Result "1-0"]
[WhiteElo "1878"]
[BlackElo "2089"]
[PlyCount "64"]
[EventDate "2019.10.04"]
[EventType "swiss"]
[EventRounds "9"]
[EventCountry "ITA"]
[SourceTitle "EXT 2020"]
[Source "ChessBase"]
[SourceDate "2019.10.17"]
[SourceVersion "1"]
[SourceVersionDate "2019.10.17"]
[SourceQuality "1"]

1. d4 Nf6 2. Nf3 g6 3. c4 Bg7 4. Nc3 0-0 5. e4 d6 6. Be2 e5 7. 0-0 Nc6 8. d5 Ne7 9. Ne1 Ne8 10. Be3 f5 11. f3 f4 12. Bf2 g5 13. a4 a5 14. c5 Ng6 15. cxd6 cxd6 16. Rc1 h5 17. Nb5 Rf7 18. Na3 Bf8 19. Nc4 g4 20. fxg4 Bxg4 21. Bxg4 hxg4 22. Qxg4 Rg7 23. Qe6+ Kh8 24. Rc3 Nf6 25. Rh3+ Nh7 26. Nf3 Be7 27. Bb6 Qg8 28. Qxg8+ Kxg8 29. Bxa5 b6 30. Bxb6 Rxa4 31. Rc1 Ng5 32. Nxg5 Bxg5 1-0

[Event "Barbera del Valles op 42nd"]
[Site "Barbera del Valles"]
[Date "2019.07.12"]
[Round "9"]
[White "Borgaonkar, Akshay"]
[Black "Di Chiara, Mauro"]
[Result "0-1"]
[WhiteElo "1767"]
[BlackElo "1881"]
[PlyCount "106"]
[EventDate "2019.07.04"]
[EventType "swiss"]
[EventRounds "9"]
[EventCountry "ESP"]
[SourceTitle "EXT 2020"]
[Source "ChessBase"]
[SourceDate "2019.10.17"]
[SourceVersion "1"]
[SourceVersionDate "2019.10.17"]
[SourceQuality "1"]

1. e4 d6 2. d4 Nf6 3. Bd3 g6 4. Nf3 Bg7 5. c3 0-0 6. 0-0 Nc6 7. d5 Nb8 8. c4 c6 9. h3 Nbd7 10. Nc3 cxd5 11. exd5 Nc5 12. Bc2 a5 13. Re1 Nfd7 14. Qe2 Re8 15. Be3 b6 16. Nd4 Bb7 17. Ncb5 Rc8 18. Rab1 Nf6 19. b4 axb4 20. Rxb4 e6 21. dxe6 Nxe6 22. Nxe6 Rxe6 23. Qd2 Ne4 24. Bxe4 Bxe4 25. Nd4 Re8 26. Ne2 b5 27. cxb5 Rc2 28. Qd1 Rxa2 29. Ng3 Bb7 30. Qd3 h5 31. Nf1 Qa8 32. b6 Bxg2 33. Qb5 Bb7 34. Rc1 Ra5 35. Qd7 Rd8 36. Qe7 Re5 37. Qh4 Rde8 38. Rc7 Re4 39. Rxe4 Rxe4 40. Qg3 Be5 41. Qg5 Bg7 42. Qb5 Bf6 43. Qb3 Re7 44. Rxe7 Bxe7 45. Bd4 Qa5 46. Ng3 h4 47. Ne4 Qe1+ 48. Kg2 Qxe4+ 49. Kf1 Ba6+ 50. Kg1 Qe1+ 51. Kh2 Bb7 52. f3 Qe2+ 53. Kg1 Qxf3 0-1

[Event "Barbera del Valles op 42nd"]
[Site "Barbera del Valles"]
[Date "2019.07.11"]
[Round "8"]
[White "Di Chiara, Mauro"]
[Black "Terbe, Zsuzsanna"]
[Result "0-1"]
[WhiteElo "1881"]
[BlackElo "2160"]
[PlyCount "110"]
[EventDate "2019.07.04"]
[EventType "swiss"]
[EventRounds "9"]
[EventCountry "ESP"]
[SourceTitle "CBM 191 Extra"]
[Source "ChessBase"]
[SourceDate "2019.09.30"]
[SourceVersion "1"]
[SourceVersionDate "2019.09.30"]
[SourceQuality "1"]

1. Nf3 d5 2. g3 Nf6 3. Bg2 Bf5 4. 0-0 e6 5. d3 h6 6. c4 c6 7. b3 Be7 8. Bb2 0-0 9. Nbd2 a5 10. a3 Nbd7 11. Ra2 Bh7 12. Qa1 b5 13. Ne5 Nxe5 14. Bxe5 Qb6 15. h3 Rfd8 16. cxd5 cxd5 17. Rc1 Rdc8 18. Rac2 Rxc2 19. Rxc2 Bg6 20. Nf3 Ne8 21. Qc1 f6 22. Rc6 Bxa3 23. Qc2 Qd8 24. Bd4 Bf7 25. Bb6 Qd7 26. Nd4 a4 27. bxa4 bxa4 28. Qa2 Bd6 29. Rc2 e5 30. Nc6 Ra6 31. Nd8 Rxb6 32. Nxf7 Kxf7 33. Bxd5+ Kf8 34. Be6 Qb5 35. Rc4 Qb1+ 36. Qxb1 Rxb1+ 37. Kg2 a3 38. Ra4 Rb8 39. Kf3 Nc7 40. Bc4 Ra8 41. Rxa8+ Nxa8 42. Ke4 Nb6 43. Be6 Na4 44. Kf5 Nc3 45. e3 Bc5 46. f4 exf4 47. exf4 a2 48. Bxa2 Nxa2 49. g4 Nc3 50. h4 Kf7 51. h5 Be3 52. d4 Bxd4 53. g5 fxg5 54. fxg5 hxg5 55. Kxg5 Be3+ 0-1

[Event "Barbera del Valles op 42nd"]
[Site "Barbera del Valles"]
[Date "2019.07.08"]
[Round "5"]
[White "Fathima, Abdeen"]
[Black "Di Chiara, Mauro"]
[Result "1-0"]
[WhiteElo "1652"]
[BlackElo "1881"]
[PlyCount "113"]
[EventDate "2019.07.04"]
[EventType "swiss"]
[EventRounds "9"]
[EventCountry "ESP"]
[SourceTitle "CBM 191 Extra"]
[Source "ChessBase"]
[SourceDate "2019.09.30"]
[SourceVersion "1"]
[SourceVersionDate "2019.09.30"]
[SourceQuality "1"]

1. e4 c5 2. c3 g6 3. d4 cxd4 4. cxd4 d5 5. e5 Nc6 6. Nc3 Bg7 7. h3 f6 8. f4 Nh6 9. g4 Nf7 10. Bg2 fxe5 11. fxe5 e6 12. Nf3 Qb6 13. Na4 Qb4+ 14. Bd2 Qe7 15. Be3 h5 16. Qd2 hxg4 17. hxg4 Rxh1+ 18. Bxh1 Qb4 19. Qxb4 Nxb4 20. Kd2 Bd7 21. Nc3 Nc6 22. Rf1 Ne7 23. Ng5 Nxg5 24. Bxg5 Ng8 25. Ke3 Nh6 26. Bf3 Nf7 27. Bf4 Ke7 28. Rh1 Rh8 29. Rxh8 Nxh8 30. g5 Nf7 31. Be2 Bf8 32. Bd3 Be8 33. Bxg6 Nxe5 34. Bxe5 Bxg6 35. Nb5 a5 36. Nd6 Kd7 37. Nxb7 a4 38. Nc5+ Bxc5 39. dxc5 Kc6 40. Kd4 Kb5 41. Bd6 Kc6 42. b3 a3 43. Be5 Bb1 44. b4 Bxa2 45. g6 Bb1 46. g7 Bh7 47. Kc3 Bg8 48. Kd4 Kb5 49. Kd3 Bf7 50. Ba1 Kc6 51. Kd4 Kd7 52. Ke5 Ke7 53. c6 a2 54. b5 Kd8 55. b6 Kc8 56. Kd6 Kb8 57. Ke7 1-0

[Event "Barcelona Sant Marti op-A 19th"]
[Site "Barcelona"]
[Date "2017.07.16"]
[Round "4"]
[White "Al Ansi, Amin Hassan"]
[Black "Di Chiara, Mauro"]
[Result "0-1"]
[WhiteElo "1948"]
[BlackElo "1964"]
[PlyCount "90"]
[EventDate "2017.07.13"]
[EventType "swiss"]
[EventRounds "9"]
[EventCountry "ESP"]
[SourceTitle "EXT 2018"]
[Source "ChessBase"]
[SourceDate "2017.10.13"]
[SourceVersion "1"]
[SourceVersionDate "2017.10.13"]
[SourceQuality "1"]

1. e4 c5 2. b3 Nc6 3. Bb2 e5 4. Bc4 Nf6 5. Nc3 Be7 6. Nge2 d6 7. 0-0 0-0 8. f4 Bg4 9. fxe5 dxe5 10. Qe1 a6 11. a4 Nd4 12. Nxd4 cxd4 13. Nd5 Nxd5 14. Bxd5 Qd7 15. c4 Be6 16. Qg3 Bd6 17. Rac1 Rac8 18. h4 Bxd5 19. cxd5 Rxc1 20. Bxc1 f5 21. Qh3 g6 22. h5 Qf7 23. d3 f4 24. hxg6 Qxg6 25. Bd2 h5 26. Kf2 Be7 27. Rh1 h4 28. Ke2 Rf7 29. Be1 Rg7 30. Rg1 Qh5+ 31. Qf3 Rg4 32. Bf2 Qg6 33. Qh3 Qh5 34. Qf3 Qg5 35. Qh3 f3+ 36. Kxf3 Rg3+ 37. Bxg3 Qe3+ 38. Kg4 Qg5+ 39. Kf3 Qe3+ 40. Kg4 hxg3 41. Rf1 Qg5+ 42. Kf3 Qf4+ 43. Ke2 Qe3+ 44. Kd1 Qxd3+ 45. Kc1 Ba3# 0-1

[Event "Barcelona Sant Marti op-A 19th"]
[Site "Barcelona"]
[Date "2017.07.14"]
[Round "2"]
[White "Di Chiara, Mauro"]
[Black "Blasco Coll, Andreu"]
[Result "0-1"]
[WhiteElo "1964"]
[BlackElo "2144"]
[PlyCount "72"]
[EventDate "2017.07.13"]
[EventType "swiss"]
[EventRounds "9"]
[EventCountry "ESP"]
[SourceTitle "EXT 2018"]
[Source "ChessBase"]
[SourceDate "2017.10.13"]
[SourceVersion "1"]
[SourceVersionDate "2017.10.13"]
[SourceQuality "1"]

1. Nf3 d5 2. c4 d4 3. b4 f6 4. e3 e5 5. a3 c5 6. exd4 e4 7. dxc5 exf3 8. Qxf3 Nc6 9. Bb2 Be7 10. Qh5+ Kf8 11. Qd5 Nh6 12. b5 Na5 13. Qxd8+ Bxd8 14. Nc3 Nb3 15. Rd1 Kf7 16. d4 Re8+ 17. Be2 Bf5 18. 0-0 Bc2 19. Bf3 Rb8 20. Bh5+ g6 21. Bf3 Bxd1 22. Rxd1 f5 23. Nd5 Ng4 24. h3 Nf6 25. Ne3 Ne4 26. Bxe4 Rxe4 27. Rd3 Na5 28. f3 Re8 29. Bc3 f4 30. Bxa5 Rxe3 31. Rxe3 fxe3 32. Bb4 a5 33. Bc3 Bf6 34. Kf1 Rd8 35. b6 Bxd4 36. Bxd4 Rxd4 0-1

[Event "Doriano Spinelli mem 2nd"]
[Site "Torino"]
[Date "2016.12.03"]
[Round "3"]
[White "Di Chiara, Mauro"]
[Black "Tripodi, Enzo"]
[Result "1/2-1/2"]
[WhiteElo "1933"]
[BlackElo "1919"]
[PlyCount "86"]
[EventDate "2016.12.01"]
[EventType "swiss"]
[EventRounds "5"]
[EventCountry "ITA"]
[SourceTitle "CBM 176 Extra"]
[Source "ChessBase"]
[SourceDate "2017.03.02"]
[SourceVersion "1"]
[SourceVersionDate "2017.03.02"]
[SourceQuality "1"]

1. Nf3 Nf6 2. c4 e6 3. d4 b6 4. g3 Bb7 5. Bg2 Be7 6. 0-0 0-0 7. Nc3 Ne4 8. Qc2 Nxc3 9. Qxc3 f5 10. Rd1 Bf6 11. Bf4 d6 12. Qd2 Qe7 13. d5 e5 14. Bg5 h6 15. Bxf6 Qxf6 16. b4 Nd7 17. Qc3 Rae8 18. e3 g5 19. Rac1 Qg7 20. Qb2 Bc8 21. Kh1 e4 22. Qxg7+ Kxg7 23. Nd4 Ne5 24. Bf1 f4 25. exf4 gxf4 26. Kg1 fxg3 27. hxg3 Bg4 28. Rd2 Nf3+ 29. Nxf3 Bxf3 30. Re1 Rf5 31. Re3 Kf6 32. Be2 Ree5 33. Bd1 h5 34. Rd4 Bxd1 35. Rxd1 Re7 36. Rde1 Rfe5 37. a4 a6 38. b5 a5 39. Kg2 Kg5 40. Rh1 Rf7 41. Rhe1 Rfe7 42. Rh1 Rh7 43. Rh4 Rhe7 1/2-1/2

[Event "Nichelino op 17th"]
[Site "Nichelino"]
[Date "2016.10.07"]
[Round "1"]
[White "Yao, Stefano"]
[Black "Di Chiara, Mauro"]
[Result "1-0"]
[WhiteElo "2141"]
[BlackElo "1935"]
[PlyCount "89"]
[EventDate "2016.10.07"]
[EventType "swiss"]
[EventRounds "5"]
[EventCountry "ITA"]
[SourceTitle "EXT 2018"]
[Source "ChessBase"]
[SourceDate "2017.10.13"]
[SourceVersion "1"]
[SourceVersionDate "2017.10.13"]
[SourceQuality "1"]

1. d4 g6 2. e4 Bg7 3. Nf3 d6 4. Nc3 Nf6 5. h3 0-0 6. Be3 c6 7. a4 d5 8. e5 Ne4 9. Nxe4 dxe4 10. Ng5 c5 11. c3 Qd5 12. f3 exf3 13. Nxf3 Nc6 14. dxc5 Qe4 15. Qd3 Qxd3 16. Bxd3 Nxe5 17. Nxe5 Bxe5 18. Be4 f5 19. Bd5+ e6 20. Bf3 Bg7 21. 0-0-0 e5 22. Bd5+ Kh8 23. c6 bxc6 24. Bxc6 Rb8 25. Bxa7 Bb7 26. Bxb7 Rxb7 27. Bc5 Ra8 28. a5 Bh6+ 29. Kc2 e4 30. Rhe1 Kg8 31. b4 Kf7 32. Rd5 Ke6 33. c4 Rc8 34. Rd6+ Ke5 35. a6 Rf7 36. Rd5+ Ke6 37. Kb3 Bf8 38. Bxf8 Rcxf8 39. b5 Rb8 40. Kc3 Rc7 41. Kd4 Rb6 42. Rb1 Ra7 43. c5 Raxa6 44. cxb6 Ra4+ 45. Kc5 1-0

[Event "Mare di Fano op 5th"]
[Site "Fano"]
[Date "2016.08.03"]
[Round "6"]
[White "Di Chiara, Mauro"]
[Black "Lavorgna, Filippo"]
[Result "1-0"]
[WhiteElo "1934"]
[BlackElo "1849"]
[PlyCount "101"]
[EventDate "2016.07.30"]
[EventType "swiss"]
[EventRounds "9"]
[EventCountry "ITA"]
[SourceTitle "CBM 173 Extra"]
[Source "ChessBase"]
[SourceDate "2016.08.29"]
[SourceVersion "1"]
[SourceVersionDate "2016.08.29"]
[SourceQuality "1"]

1. Nf3 Nf6 2. c4 e6 3. Nc3 d5 4. d4 Be7 5. cxd5 exd5 6. Bg5 c6 7. Qc2 0-0 8. e3 Nbd7 9. Bd3 Re8 10. 0-0 Nf8 11. h3 g6 12. Rab1 Ne6 13. Bh4 b6 14. Ne5 Bb7 15. f4 c5 16. f5 gxf5 17. Bxf5 Rf8 18. Nxf7 Kxf7 19. Bxe6+ Kxe6 20. Qf5+ Kd6 21. Bg3+ Kc6 22. Qe6+ Bd6 23. e4 Nxe4 24. Nxe4 dxe4 25. Rxf8 Qxf8 26. Rf1 Qe7 27. d5+ Kb5 28. Bxd6 Qxe6 29. dxe6 Kc6 30. Bh2 Re8 31. Rf7 Ba6 32. Rc7+ Kd5 33. Rxa7 Bb5 34. e7 Bc6 35. Bf4 b5 36. Kf2 Rc8 37. Ke3 Ke6 38. g4 Bd7 39. Bg5 Bc6 40. Ra6 Kd7 41. Ra7+ Ke6 42. h4 Kf7 43. h5 Ke8 44. Bf6 Ra8 45. Rxa8+ Bxa8 46. g5 Bd5 47. g6 hxg6 48. h6 Bg8 49. b3 b4 50. Kxe4 Kd7 51. Ke5 1-0

[Event "Mare di Fano op 5th"]
[Site "Fano"]
[Date "2016.07.30"]
[Round "1"]
[White "Kholopov, Alexander A"]
[Black "Di Chiara, Mauro"]
[Result "1-0"]
[WhiteElo "2289"]
[BlackElo "1934"]
[PlyCount "41"]
[EventDate "2016.07.30"]
[EventType "swiss"]
[EventRounds "9"]
[EventCountry "ITA"]
[SourceTitle "CBM 173 Extra"]
[Source "ChessBase"]
[SourceDate "2016.08.29"]
[SourceVersion "1"]
[SourceVersionDate "2016.08.29"]
[SourceQuality "1"]

1. d4 d6 2. c4 g6 3. Nc3 Bg7 4. e4 Nf6 5. f4 0-0 6. Nf3 c5 7. d5 e6 8. Be2 exd5 9. cxd5 Re8 10. Nd2 b5 11. Bxb5 Bg4 12. Qc2 Nh5 13. Nf3 Bxf3 14. gxf3 Qh4+ 15. Qf2 Qxf2+ 16. Kxf2 Re7 17. Bd2 Nd7 18. e5 Nb6 19. exd6 Bd4+ 20. Kg2 Bxc3 21. bxc3 1-0